Discipline dei giochi olimpici (LA 2028) - Statistics

Statistiche generali
  • Questo quiz è stato fatto 114 volte
  • Il punteggio medio è 33 su 53
Statistiche sulle risposte
n° di eventi Disciplina % Corretto
2 Calcio
98%
41 Nuoto
98%
2 Nuoto artistico
98%
2 Nuoto di fondo
98%
48 Atletica leggera
95%
5 Tennis
95%
2 Pallavolo
94%
2 Pallacanestro
93%
2 Pallacanestro 3x3
93%
15 Tiro
87%
8 Tuffi
83%
12 Ciclismo su pista
81%
4 Ciclismo su strada
81%
12 Scherma
81%
15 Ginnastica artistica
80%
2 Ginnastica ritmica
80%
15 Judo
79%
2 Equitazione / Salto
78%
2 Pallanuoto
72%
5 Tennistavolo
71%
10 Canoa/kayak (acque libere)
69%
6 Canoa/kayak (slalom)
67%
13 Pugilato
66%
2 Rugby a 7
65%
2 Pallamano
63%
6 Lotta greco-romana
62%
12 Lotta libera
62%
2 Beach volley
60%
2 Equitazione / Dressage
58%
2 Equitazione / Completo
57%
6 Tiro con l'arco
57%
1 Baseball
56%
5 Badminton
53%
4 Skateboard
53%
6 Arrampicata sportiva
52%
10 Vela
52%
10 Sollevamento pesi
51%
12 Canottaggio
48%
3 Golf
45%
3 Triathlon
45%
3 Canottaggio costiero
43%
8 Taekwondo
42%
2 Surf
40%
2 Hockey su prato
37%
1 Softball
35%
2 Flag football
34%
2 Pentathlon moderno
34%
2 Cricket
33%
4 BMX
26%
2 Mountain bike
26%
2 Lacrosse
23%
2 Trampolino
20%
2 Squash
9%
Nessun quiz corrispondente trovato
Distribuzione punteggi
Percentuale di utenti per punteggio
Percentile per numero di risposta
I tuoi punteggi nel tempo
Non hai fatto questo quiz